[Event "Porticcio op 12th"]
[Site "Porticcio"]
[Date "2010.04.04"]
[Round "6"]
[White "Storai, Thierry"]
[Black "Moracchini, Jean Philippe"]
[Result "1-0"]
[WhiteElo "1913"]
[BlackElo "1564"]
[PlyCount "96"]
[EventDate "2010.04.01"]
[EventType "swiss"]
[EventRounds "9"]
[EventCountry "FRA"]
[SourceTitle "EXT 2012"]
[Source "ChessBase"]
[SourceDate "2011.11.24"]
[SourceVersion "1"]
[SourceVersionDate "2011.11.24"]
[SourceQuality "1"]

1. c4 e5 2. Nc3 Nf6 3. g3 d5 4. cxd5 Nxd5 5. Bg2 Nxc3 6. bxc3 Nc6 7. Qc2 Qf6 8. Bb2 Bc5 9. Nf3 0-0 10. 0-0 Qh6 11. Rfd1 Bd7 12. d4 exd4 13. cxd4 Bd6 14. a3 Bg4 15. Ne5 Bxe5 16. dxe5 Qe6 17. Bd5 Qg6 18. Be4 Qh6 19. f3 Bh3 20. Qc5 Rae8 21. Rac1 b6 22. Qxc6 Qe3+ 23. Kh1 Qxe2 24. Qc2 Qe3 25. Qd2 Qxd2 26. Rxd2 Rd8 27. Rcd1 Rxd2 28. Rxd2 c5 29. Kg1 a5 30. Kf2 b5 31. g4 b4 32. axb4 cxb4 33. Bc6 h6 34. Kg3 Bf1 35. Ba4 Bc4 36. Rc2 Bd3 37. Rc5 Ra8 38. Kf4 Bb1 39. Ke3 Ba2 40. f4 Kh7 41. f5 h5 42. h3 hxg4 43. hxg4 Kh6 44. Kf4 Kh7 45. g5 Kh8 46. g6 fxg6 47. fxg6 Kg8 48. Kf5 Kf8 1-0

[Event "Corsica-chT"]
[Site "Ponte Leccia"]
[Date "2010.03.28"]
[Round "2"]
[White "Paldacci, Carina"]
[Black "Moracchini, Jean Philippe"]
[Result "0-1"]
[WhiteElo "1499"]
[BlackElo "1564"]
[PlyCount "48"]
[EventDate "2010.03.28"]
[EventType "team-tourn"]
[EventRounds "9"]
[EventCountry "FRA"]
[SourceTitle "EXT 2012"]
[Source "ChessBase"]
[SourceDate "2011.11.24"]
[SourceVersion "1"]
[SourceVersionDate "2011.11.24"]
[SourceQuality "1"]

1. Nf3 Nc6 2. e4 e5 3. Nc3 Bb4 4. g4 d6 5. a3 Bxc3 6. bxc3 Bxg4 7. Rb1 b6 8. Rg1 Nf6 9. d3 0-0 10. Rg2 Ne7 11. h3 Bxf3 12. Rg3 Bxd1 13. Kxd1 Nh5 14. Re3 Ng6 15. c4 Qf6 16. Bg2 Qxf2 17. Re1 Qxg2 18. a4 Ngf4 19. Be3 Qxh3 20. c5 Ng2 21. Bf2 Nxe1 22. Bxe1 Qf1 23. Rc1 Ng3 24. c3 Qe2# 0-1